000 00791cam a22002537a 4500
001 001296
003 armpunfd
005 20140612090636.0
008 031007e0####xx#a##########000#0#und#d
040 _aarmpunfd
_carmpunfd
080 _a347.736 G 586P
100 1 0 _a Gomez Leo, Osvaldo R ( Director)
245 1 0 _aPronto pago
260 _a Ar Del Plata : Universidad Nacional De Mar Del Plata
_b2003. 304P. ( Crisis Insolvencia Y Cesacion De Pagos) Curso De Posgrado.
650 7 _a20.744
_2LEMB
650 7 _a24.522
_2LEMB
650 7 _a Acreedores Laborales
_2LEMB
650 7 _a Concurso Preventivo
_2LEMB
650 7 _a Ley 19.551
_2LEMB
650 7 _a Privilegios
_2LEMB
650 7 _a Pronto Pago
_2LEMB
942 _cLB
_2cdu
945 _aCatalis
_d2010-08-19
999 _c1287
_d231791